000 00883cad a22001935a 4500
001 E150409
008 100709s2010 xxk f s000 0 eng d
035 _a(Sirsi) u150409
041 0 _aeng
110 2 _aScotland
_bScottish Government
_95344
245 0 0 _aPenalty Clauses (Scotland) Bill
_bconsultation
_h[electronic resource]
260 _aEdinburgh
_bScottish Government
_c2010
520 _aSeeks views on a proposed Penalty Clauses (Scotland) Bill, which would make penalty clauses unenforceable if the penalty is excessive, and would allow the court to modify any penalty clause it considers excessive.
590 _aKA
651 4 _aScotland
_y1999-
690 _aMANAGEMENT-PROJECT MANAGEMENT-CONTRACT ADMINISTRATION
856 4 0 _uhttps://www.scotland.gov.uk/Publications/2010/07/penalty-clauses
_zView the consultation free of charge at www.scotland.gov.uk
942 _n0
999 _c110857
_d110857